000 00501nam a2200169 i 4500
001 57610
003 ES-MaACL
005 20251115063239.0
007 t|
008 031017s1973 sp ||||1| spa d
100 1 _aDomínguez, Javier,
_d1929-
_9152738
245 1 0 _a¡Yo creo en la Justicia! /
_cJavier Domínguez Martín-Sánchez.
260 _a[Bilbao] :
_bDesclée de Brouwer,
_c[1973]
300 _a128 p. ;
_c21 cm.
852 _aES-MaACL
_jC-55491
_bR.88026
999 _c57610
_d57610